000 00296nam a22001337a 4500
008 170503b xxu||||| |||| 00| 0 eng d
020 _a9780735544192
041 _aeng
080 _26 ED
_a34
100 _a13
101 _aSHJ
245 _aEMANUEL LAW OUTINES
_cCROSS.J.T
942 _2udc
_cBK
999 _c12493
_d12493